000 00751nam a2200229Ia 4500
005 20220128140030.0
008 210716s2010 xx 000 0 und d
020 _a9788132106463
040 _cAIMIT LIBRARY
041 _aEng
082 _a001.43
_21
_bOLEZ
100 _aO'Leary, Zina.
_915054
245 _aThe essential guide to doing your research project /
_cBy Zina O'Leary.
250 _a1st ed.
_bSage South Asia Edition
260 _aNew Delhi ;
_bSage Publications ,
_c2010.
300 _ax, 308p ;
_c24.5 cm
650 _aResearch Methodology
_915055
650 _aCrafting a Research Proposal
_915056
650 _aWorking with Literature
_915057
650 _aDesigning a Research plan
_915058
942 _2ddc
_cBK
_e1st
_k001.43 OLEZ
999 _c211485
_d211485